| 000 | 00358nam a2200145Ia 4500 | ||
|---|---|---|---|
| 008 | 240624s9999 xx 000 0 und d | ||
| 041 | _aeng | ||
| 082 | _a004.6 FIT | ||
| 100 | _aFITZGERALD JERRY | ||
| 245 | _aBUSINESS DATA COMMUNICATIONS AND NETWORK | ||
| 250 | _a(7th ed.) | ||
| 260 |
_c2003 _aSingapore _bJohn Wiley |
||
| 300 | _axiv, : 457 | ||
| 365 | _cRS | ||
| 999 |
_c1246 _d1246 |
||